000 00517nam a2200181Ia 4500
005 20250508152211.0
008 008 250505s9999 xx 000 0 eng d
037 _aTextual
040 _aFEDL
_beng
_cFEDL
041 _aeng
_2eng
084 _a371.89, TUR
_qFEDL
100 _aTurner Margery J
_9761009
245 0 _aModern dance for high school and college
260 _aEnglewood Cliffs
_b Prentice-Hall
_c1957
300 _ax,181p.
942 _cTEXL
_h371.89, TUR
999 _c1334925
_d1334925